Negotiate Your Way to Success: 24 Steps to Building Agreement (Record no. 4693)

MARC details
005 - DATE AND TIME OF LATEST TRANSACTION
control field 20250624040322.0
020 ## - INTERNATIONAL STANDARD BOOK NUMBER
International Standard Book Number 978-0-07-149832-6
082 ## - DEWEY DECIMAL CLASSIFICATION NUMBER
Classification number 658.405 COH
100 ## - MAIN ENTRY--PERSONAL NAME
Author name COHEN, P. S.
245 ## - TITLE STATEMENT
Title Negotiate Your Way to Success: 24 Steps to Building Agreement
250 ## - EDITION STATEMENT
Edition statement 7th Ed.
260 ## - PUBLICATION, DISTRIBUTION, ETC.
Place of publication, distribution, etc. New York
Name of publisher, distributor, etc. McGraw-Hill Inc.
Date of publication, distribution, etc. 2007.
300 ## - PHYSICAL DESCRIPTION
Extent ix,48p.
Dimensions 23cm
942 ## - ADDED ENTRY ELEMENTS (KOHA)
Source of classification or shelving scheme Dewey Decimal Classification
Koha item type Books
Holdings
Date last seen Total checkouts Full call number Barcode Price effective from Koha item type Lost status Source of classification or shelving scheme Damaged status Not for loan Withdrawn status Home library Current library Shelving location Date acquired Source of acquisition Cost, normal purchase price Cost, replacement price
06/24/2025   658.405 COH MZA0001949 06/23/2025 Books   Dewey Decimal Classification       CBE Mwanza CBE Mwanza General Collection 07/16/2007 Library Budget 10260.00  
06/24/2025   658.405 COH MZA0001950 06/23/2025 Books   Dewey Decimal Classification       CBE Mwanza CBE Mwanza General Collection 07/16/2007 Library Budget 10260.00  
06/27/2025   658.405 COH MZA0002700 06/27/2025 Books   Dewey Decimal Classification       CBE Mwanza CBE Mwanza General Collection 07/16/2007 Library Budget 10260.00 30780.00